Pohľad na jazykovú situáciu a politiku vo východnej Európe po r. 1991

Jazyková situácia a jazyková politika v štátoch európskej časti bývalého Sovietskeho zväzu, konkrétne v Estónsku, Litve, Lotyšsku, Moldavsku, Bielorusku a v jednom zo subjektov Ruskej federácie - v Kalmycku. Zmapovanie stavu derusifikácie a revitalizácie miestnych jazykov. Jazyková situácia a politi...

Celý popis

Uložené v:
Podrobná bibliografia
Hlavný autor: Dziváková, Michaela, 1979-
Médium: Kapitola
Jazyk:Slovak
Predmet:
Tagy: Pridať tag
Žiadne tagy, Buďte prvý, kto otaguje tento záznam!

MARC

LEADER 00000nla$a2200000$$$4500
001 0120423
005 20240502072343.3
041 0 |a slo 
044 |a SK 
245 1 0 |a Pohľad na jazykovú situáciu a politiku vo východnej Európe po r. 1991  |c Michaela Dziváková 
520 |a Jazyková situácia a jazyková politika v štátoch európskej časti bývalého Sovietskeho zväzu, konkrétne v Estónsku, Litve, Lotyšsku, Moldavsku, Bielorusku a v jednom zo subjektov Ruskej federácie - v Kalmycku. Zmapovanie stavu derusifikácie a revitalizácie miestnych jazykov. Jazyková situácia a politika na Ukrajine v kontexte širších spoločensko-historických súvislostí. Vzájomný vzťah a postavenie ruského a ukrajinského jazyka v jednotlivých oblastiach verejného života. Problémy národnostných menšín - Krymských Tatárov a Rusínov. 
610 2 0 |a jazyk štátny 
610 2 0 |a jazyky cudzie 
610 2 0 |a ruština 
610 2 0 |a štát 
610 2 0 |a národ 
610 2 0 |a národnosti 
610 2 0 |a zákony 
610 2 0 |a Európa 
100 1 |a Dziváková, Michaela, 1979-